| 000 | 00583cam a22002053a 4500 | ||
|---|---|---|---|
| 001 | 44397 | ||
| 003 | PGUSA | ||
| 005 | 20140828084020.0 | ||
| 008 | 131209s2013||||xxu|||||s|||||000 | eng d | ||
| 040 |
_aPGUSA _beng |
||
| 042 | _adc | ||
| 100 | 1 |
_aO'Donnell, Elliott, _d1872-1965 |
|
| 245 | 1 | 0 |
_aHaunted Places in England _h[electronic resource] / _cElliott O'Donnell |
| 260 |
_bProject Gutenberg, _c2013 |
||
| 506 | _aPublic domain in the USA. | ||
| 516 | _aElectronic text | ||
| 830 | 0 |
_aProject Gutenberg _v44397 |
|
| 856 | 4 | 0 | _uhttp://www.gutenberg.org/ebooks/44397 |
| 942 | _cEB | ||
| 999 |
_c273648 _d273648 |
||